000 00748nam a2200217 i 4500
001 148461
003 ES-MaACL
005 20250729050628.0
007 t|
008 070214s1970 sp r ||||1| spa d
100 1 _aStreeter, Victor L.
_9108417
245 1 0 _aMecánica de los fluídos /
_cVictor L. Streeter ; traducción y adaptación... Emilio Romero Ros, Jaime Moneva Moneva.
250 _a[4ª ed.].
260 _aMadrid :
_bCastillo,
_c[1970] (
_fCastilla)
300 _a747 p., 2 lám. col. :
_bil. ;
_c24 cm +
_e1 gráf. pleg.
650 0 7 _aMecánica de fluidos
_2embne
_914877
700 1 _aRomero Ros, Emilio.
_999436
700 1 _aMoneva Moneva, Jaime.
_982178
852 _aES-MaACL
_jC-38066
_bR.76351
999 _c148461
_d148461